书目信息 |
| 题名: |
从零开始学理财
|
|
| 作者: | 李茹 主编 | |
| 分册: | ||
| 出版信息: | 长春 吉林文史出版社 2019 |
|
| 页数: | 275页 | |
| 开本: | 22cm | |
| 丛书名: | ||
| 单 册: | ||
| 中图分类: | TS976.15-49 | |
| 科图分类: | ||
| 主题词: | 财务管理--通俗读物 | |
| 电子资源: | ||
| ISBN: | 978-7-5472-5946-7 | |
| 000 | 01371nam0 2200229 45 | |
| 001 | 012001001738 | |
| 005 | 20140108174322.0 | |
| 010 | @a978-7-5472-5946-7@dCNY38.00 | |
| 100 | @a20190130d2019 em y0chiy0110 ea | |
| 101 | 0 | @achi |
| 102 | @aCN@b220000 | |
| 105 | @ay z 000yy | |
| 106 | @ar | |
| 200 | 1 | @a从零开始学理财@Acong ling kai shi xue li cai@f李茹主编 |
| 210 | @a长春@c吉林文史出版社@d2019 | |
| 215 | @a275页@d22cm | |
| 330 | @a《从零开始学理财》是一本把理财融入生活的书籍,讲解如何选择那些存在与生活中各种各样的理财。全书共14章,可以从三大方面进行理解:一方面为简单的分析家庭的收入与支出现状以及存在的一些现实问题,注重理财意识引导。第二方面主要注重实际操作,在介绍如储蓄、债券、基金、股票、期货、外汇、信托等理财产品的同时,更注重实际生活中,该如何的规划资金成本去投资该类产品,同时还讲解到一些小技巧。第三部分可理解为常选理财产品的一种延伸,如投资房产、艺术品、余额宝、比特币,同时还将介绍我们在理财时,怎样做到国家允许的合理避税。本书的内容由浅入深,分析问题、发现问题、解决问题,从案例开始,点出其中设计的知识点,在读者了解知识点的基础上,更注重实际操作,将生硬的知识理论具体化,帮助读者在读完本书后,了解怎么理财,理财产品有哪些,不同的收入如何理财,如何做到成本与价值的优化。 | |
| 606 | 0 | @a财务管理@x通俗读物 |
| 690 | @aTS976.15-49@v5 | |
| 701 | 0 | @a李茹@Ali ru@4主编 |
| 801 | 0 | @aCN@b北京卓展@c20191020 |
| 905 | @b1202501-4@dTS976.15-49@e520@f4 | |
| 从零开始学理财/李茹主编.-长春:吉林文史出版社,2019 |
| 275页;22cm |
| ISBN 978-7-5472-5946-7:CNY38.00 |
| 《从零开始学理财》是一本把理财融入生活的书籍,讲解如何选择那些存在与生活中各种各样的理财。全书共14章,可以从三大方面进行理解:一方面为简单的分析家庭的收入与支出现状以及存在的一些现实问题,注重理财意识引导。第二方面主要注重实际操作,在介绍如储蓄、债券、基金、股票、期货、外汇、信托等理财产品的同时,更注重实际生活中,该如何的规划资金成本去投资该类产品,同时还讲解到一些小技巧。第三部分可理解为常选理财产品的一种延伸,如投资房产、艺术品、余额宝、比特币,同时还将介绍我们在理财时,怎样做到国家允许的合理避税。本书的内容由浅入深,分析问题、发现问题、解决问题,从案例开始,点出其中设计的知识点,在读者了解知识点的基础上,更注重实际操作,将生硬的知识理论具体化,帮助读者在读完本书后,了解怎么理财,理财产品有哪些,不同的收入如何理财,如何做到成本与价值的优化。 |
| ● |
| 相关链接 |
|
|
|
|
正题名:从零开始学理财
索取号:TS976.15-49/520
 
预约/预借
| 序号 | 登录号 | 条形码 | 馆藏地/架位号 | 状态 | 备注 |
| 1 | 1202501 | 212025011 | 第二样本阅览室/ [索取号:TS976.15-49/520] | 在馆 | |
| 2 | 1202502 | 212025020 | 第三借阅区/ [索取号:TS976.15-49/520] | 在馆 | |
| 3 | 1202503 | 212025039 | 第三借阅区/ [索取号:TS976.15-49/520] | 在馆 | |
| 4 | 1202504 | 212025048 | 第三借阅区/ [索取号:TS976.15-49/520] | 在馆 |